000 01395cam a2200217 4500
001 L135962
008 061220n2006 000 0 eng u
035 _a(Sirsi) u135962
041 0 _aeng
110 1 _aUnited Kingdom Parliament
_bHouse of Lords
_93232
245 0 0 _aTribunals Courts and Enforcement Bill (HL) 2006-2007
260 _aLondon
_bUK Parliament
_c2006
520 _aMakes provision about tribunals and inquiries and aims to: establish an Administrative Justice and Tribunals Council; amend the law relating to judicial appointments; amend the law relating to the enforcement of judgments and debts; make further provision about the management and relief of debt; make provision protecting cultural objects from seizure or forfeiture in certain circumstances; amend the law relating to the taking of possession of land affected by compulsory purchase; and alter the powers of the High Court in judicial review applications.
590 _aKA
650 _aTRIBUNALS COURTS AND ENFORCEMENT BILL (HL) 2006
651 4 _aUnited Kingdom
_y
690 _aPROPERTY-COMMERCIAL PROPERTY-COMMERCIAL LANDLORD AND TENANT
710 1 _aUnited Kingdom
_bDepartment for Constitutional Affairs
_94899
856 4 0 _uhttps://www.publications.parliament.uk/pa/pabills/200607/tribunals_courts_and_enforcement.htm
_zView the Bill free of charge at www.publications.parliament.uk...
942 _n0
999 _c106257
_d106257